000 00911nam a22002417a 4500
005 20081106121535.0
008 081106t xxu||||| |||| 00| 0 ur d
010 _aUR-7327
020 _c151.00
035 _aU-5882
037 _bD.B.Act / Pub
082 _a842
100 _aکليم عر فی
245 _aجس کی عظمت ميں گھنٹے بجتے ہيں
_bڈرامہ
_cکليم عر فی
246 _aJiski Azmat Main Ghantey Bajtey Hain
_bby Kaleem Urfi
260 _aالہ آبا د
_bمکتبہ جا ويد
_c2003
270 _a3/4،اٹا لا کالونی،شو کت علی روڈ،
_bالہ آباد
_e211003
300 _a144p
_c22 cm (Pbk.)
650 _aڈرامہ
650 _aDrama
942 _adpl
_cUR
_2ddc
_h842
_mک ل ی
999 _c3225
_d3225